Fawaid Hazrat Banda Nawaz (Record no. 3720)

MARC details
000 -LEADER
fixed length control field 00575nam a2200229 a 4500
020 ## - INTERNATIONAL STANDARD BOOK NUMBER
ISBN
082 00 - DEWEY DECIMAL CLASSIFICATION NUMBER
Classification number 297.4
Author Cutter SUL
100 ## - MAIN ENTRY--AUTHOR NAME
Author name Gesudaraz,
245 ## - TITLE STATEMENT
Title Fawaid Hazrat Banda Nawaz
260 ## - PUBLICATION, DISTRIBUTION, ETC. (IMPRINT)
Place of publication Hyderabad
Name of publisher Markazi Anjuman Taleemus Salat
Year of publication 1953
300 ## - PHYSICAL DESCRIPTION
Number of Pages 88p
500 ## - GENERAL NOTE
General note includes index and biblioraphy
505 2# - FORMATTED CONTENTS NOTE
Formatted contents note Various Documents
650 ## - SUBJECT ADDED ENTRY--TOPICAL TERM
Topical Term Sufism-Gesudaraz-malfoozat
942 ## - ADDED ENTRY ELEMENTS (KOHA)
Koha item type Books
Holdings
Collection code Home library Current library Date acquired Cost, normal purchase price Full call number Accession Number Koha item type
  Henry Martyn Institute Library Henry Martyn Institute Library 03/06/2008 1.75 297.4 SUL 06175 Books
                   Copyright © 2026 | Henry Martyn Institute | Hyderabad | TS-500052 | INDIA | Implemented by hmi.edu.in
Hit-Count:

Powered by Koha